000 01657nam a2200505 i 4500
001 29967
003 KOSZ 005
005 20220309112604.0
008 970510s1993 pl a f |001 0 pol
015 _aUWD 1994/3974
020 _a830111245X
035 _a991000475229705066
035 _a(PL-WaBN)b1016957x-48omnis_nlop
035 _ab1016957x
035 _a(OCoLC)749278651
035 _a(PL)b0000001016957
035 _a(EXLNZ-48OMNIS_NETWORK)9910369614505606
040 _aWA N
_cWA N
_dKOSZ 005/EG
046 _k1993
080 _a537.2
080 _a(075.8)
100 1 _aChełkowski, August
_d(1927-1999)
_eAutor
245 1 0 _aFizyka dielektryków /
_cAugust Chełkowski ; [uzupełnienia B i E napisał Edward Kluk].
250 _a[Wyd. 3 zm.].
260 _aWarszawa :
_bWydaw. Naukowe PWN,
_c1993.
300 _a395, [1] s. :
_brys., wykr. ;
_c24 cm.
336 _aTekst
_btxt
_2rdacontent
337 _aBez urządzenia pośredniczącego
_bn
_2rdamedia
338 _aWolumin
_bnc
_2rdacarrier
380 _aKsiążki
380 _aPublikacje dydaktyczne
385 _mPoziom nauczania
_aSzkoły wyższe
388 _a1901-2000
388 _a1989-2000
504 _aBibliogr. s. 382-386. - Indeks.
650 7 _aDielektryki
_2DBN
650 7 _aFizyka
_2DBN
655 7 _aPodręczniki akademickie
_2DBN
658 _aFizyka i astronomia
700 1 _aKluk, Edward
_eAutor
710 2 _aWydawnictwo Naukowe PWN
_4pbl
856 _uhttp://koha.tu.koszalin.pl/cgi-bin/koha/opac-detail.pl?biblionumber=29967
_yKatalog online BPK
942 _2UKD
_cKS
999 _c29967
_d29967